banner-ar

ADVANCED FLYING SYSTEMS / (Record no. 11176)

MARC details
000 -الفاتح
حقل البيانات ثابتة الطول 00464nam a2200181Ia 4500
008 - عناصر البيانات ثابتة الطول - معلومات عامة
حقل البيانات ثابتة الطول 140319s9999 xx 000 0 eng d
040 ## - مصدر الفهرسة
وكالة الفهرسة الأصلية GCL /
وكالة النسخ GCL
082 04 - رقم تصنيف ديوى العشرى
رقم التصنيف 629.13252
رقم المادة B A
100 1# - المدخل الرئيسى - إسم شخصى
الإسم الشخصى BURTON, MIKE
245 10 - بيان العنوان
العنوان ADVANCED FLYING SYSTEMS /
بيان المسئوليه,etc BURTON, MIKE
260 ## - PUBLICATION, DISTRIBUTION, ETC. (IMPRINT)
تاريخ النشر أو التوزيع 1993
300 ## - الوصف المادى
التعداد 112p
650 04 - المدخل الاضافى بالموضوع-مصطلح موضوعى
مصطلح موضوعي AIRPLANES
650 04 - المدخل الاضافى بالموضوع-مصطلح موضوعى
مصطلح موضوعي FLYINY MACHINES
650 04 - المدخل الاضافى بالموضوع-مصطلح موضوعى
مصطلح موضوعي HUMAN POWER AIRERAFT
942 ## - عناصر المدخل الإضافي( كوها)
مصدر التصنيف او مخطط الترفيف Dewey Decimal Classification
Koha [default] item type كتاب
260 ## - PUBLICATION, DISTRIBUTION, ETC. (IMPRINT)
-- [S.N] :
-- AIRLIFE PUBLISHING ،
Holdings
حالة التراجع حالة الفقد حالة تلف ليس للاعارة المكان المؤقت الموقع الحالى تاريخ الاكتساب اجمالي اﻻعارات رقم الطلب الباركود تاريخ اخر مشاهدة تاريخ تفعيل السعر نوع وعاء كوها
        مكتبة القاهرة الكبرى مكتبة القاهرة الكبرى 03/26/2014   629.13252\B A 22236 03/26/2014 03/26/2014 كتاب

Powered By

EGPV